000 00730nam a2200229Ia 4500
003 OSt
005 20220918184258.0
006 a|||||r|||| 00| 0
007 ta
008 220917b |||||||| |||| 00| 0 eng d
024 _a45,611
037 _cTextual
040 _aARTS
_cARTS
_beng
041 _2eng
_aeng
082 _aPp6:N62, K3 (PD)
100 _aSpencer John ed
_930965
245 0 _aLanguage in Africa
_b papers on the Leverhulme Conference on universities and th elanguage problems of tropical Africa , held at University College , Ibadan
260 _acambridge
_bCUP
_c1963
650 _aLINGUISTICS
942 _hPp6:N62, K3 (PD)
_cTEXL
_2CC
999 _c175808
_d175808